Janwadi kavyabhasha ka shaili vaijyanik anushilan/ (Record no. 21516)

000 -LEADER
fixed length control field 00394nam a22001451a 4500
082 ## - DEWEY DECIMAL CLASSIFICATION NUMBER
Classification number H100 9
Item number IND/J
100 ## - MAIN ENTRY--AUTHOR NAME
Personal name Indira Bahadur Singh
245 ## - TITLE STATEMENT
Title Janwadi kavyabhasha ka shaili vaijyanik anushilan/
Statement of responsibility, etc by Indira Bahadur Singh
260 ## - PUBLICATION, DISTRIBUTION, ETC. (IMPRINT)
Place of publication Mumbai:
Name of publisher Urmila,
Year of publication 1993.
300 ## - PHYSICAL DESCRIPTION
Number of Pages 184p.
650 ## - SUBJECT ADDED ENTRY--TOPICAL TERM
Topical Term Poetry Hindi Criticism
650 ## - SUBJECT ADDED ENTRY--TOPICAL TERM
Topical Term Literature Hindi
650 ## - SUBJECT ADDED ENTRY--TOPICAL TERM
Topical Term Literature
942 ## - ADDED ENTRY ELEMENTS (KOHA)
Koha item type Book
Holdings
Withdrawn status Lost status Damaged status Not for loan Permanent Location Current Location Date acquired Cost, normal purchase price Full call number Accession Number Cost, replacement price Price effective from Koha item type
        Sree Sankaracharya University of Sanskrit Sree Sankaracharya University of Sanskrit 08.01.2015 140.00 H100 9 IND/J 011445 0.00 08.01.2015 Book
        Sree Sankaracharya University of Sanskrit Sree Sankaracharya University of Sanskrit 08.01.2015 140.00 H100 9 IND/J 011105 0.00 08.01.2015 Book